[Event "Wroclaw Anderssen Memorial"]
[Site "Wroclaw"]
[Date "2022.07.30"]
[Round "4"]
[White "Golubka, Petr"]
[Black "Lanin, Boris Aleksandrovic"]
[Result "1-0"]
[WhiteElo "2378"]
[BlackElo "1950"]
[PlyCount "67"]
[EventDate "2022.07.30"]
[EventType "swiss (rapid)"]
[EventRounds "9"]
[EventCountry "POL"]
[SourceTitle "CBM 209 Extra"]
[Source "ChessBase"]
[SourceDate "2022.09.30"]
[SourceVersion "1"]
[SourceVersionDate "2022.09.30"]
[SourceQuality "1"]

1. e4 e5 2. Bb5 Bc5 3. Nc3 Nf6 4. f4 c6 5. fxe5 cxb5 6. exf6 Qxf6 7. Qf3 Qg6 8. Nge2 Nc6 9. Nxb5 0-0 10. d4 Bb6 11. Nf4 Qf6 12. c3 Qh4+ 13. g3 Qe7 14. Nd5 Qd8 15. Bf4 Re8 16. 0-0-0 d6 17. Nxd6 Re6 18. Nxf7 Qd7 19. Ne5 Nxe5 20. Bxe5 Qf7 21. Qxf7+ Kxf7 22. Rhf1+ Kg8 23. h4 Bd7 24. Nxb6 Rxb6 25. Rf4 Rg6 26. Rg1 Rf8 27. Rxf8+ Kxf8 28. Kd2 Bg4 29. Ke3 Ke7 30. d5 h5 31. c4 Ra6 32. a3 Ra4 33. Rc1 b5 34. c5 1-0

[Event "Wroclaw Anderssen Memorial"]
[Site "Wroclaw"]
[Date "2022.07.30"]
[Round "9"]
[White "Sieciechowicz, Marcin"]
[Black "Lanin, Boris Aleksandrovic"]
[Result "1/2-1/2"]
[WhiteElo "2383"]
[BlackElo "1950"]
[PlyCount "106"]
[EventDate "2022.07.30"]
[EventType "swiss (rapid)"]
[EventRounds "9"]
[EventCountry "POL"]
[SourceTitle "CBM 209 Extra"]
[Source "ChessBase"]
[SourceDate "2022.09.30"]
[SourceVersion "1"]
[SourceVersionDate "2022.09.30"]
[SourceQuality "1"]

1. d4 Nf6 2. c4 c5 3. d5 g6 4. Nc3 Bg7 5. e4 d6 6. Nf3 e6 7. Bd3 Na6 8. 0-0 0-0 9. h3 Nc7 10. Bg5 h6 11. Bh4 a6 12. a4 e5 13. a5 Qe8 14. Na4 Nh5 15. Nb6 Rb8 16. Bc2 f5 17. Nxc8 Rxc8 18. exf5 gxf5 19. Rb1 e4 20. Nd2 Qg6 21. b4 Nf4 22. Bg3 Nh5 23. Bh2 cxb4 24. Rxb4 Bc3 25. Rb6 Qg5 26. Nb3 Nf4 27. Bxf4 Qxf4 28. Qh5 Be5 29. Qg6+ Kh8 30. g3 Qg5 31. Qxg5 hxg5 32. Bd1 Rb8 33. Be2 Ne8 34. f4 gxf4 35. gxf4 Bf6 36. Kf2 Bd8 37. Rb4 b5 38. cxb5 axb5 39. Rxb5 Rc8 40. a6 Nc7 41. Ra5 Na8 42. Ra2 Bb6+ 43. Ke1 Rc3 44. Bd1 Nc7 45. Na5 Nxa6 46. Nb7 Nb4 47. Rg2 Nxd5 48. Rg6 Be3 49. Nxd6 Nxf4 50. Rg3 Nd3+ 51. Ke2 Nc1+ 52. Ke1 Nd3+ 53. Ke2 Nc1+ 1/2-1/2

[Event "Poznan op 28th"]
[Site "Poznan"]
[Date "2021.08.18"]
[Round "5"]
[White "Lanin, Boris Aleksandrovic"]
[Black "Dopierala, Adam"]
[Result "1-0"]
[WhiteElo "1949"]
[BlackElo "1582"]
[PlyCount "101"]
[EventDate "2021.08.15"]
[EventType "swiss"]
[EventRounds "9"]
[EventCountry "POL"]
[SourceTitle "CBM 203 Extra"]
[Source "ChessBase"]
[SourceDate "2021.09.30"]
[SourceVersion "1"]
[SourceVersionDate "2021.09.30"]
[SourceQuality "1"]

1. e4 c6 2. Nc3 d5 3. Nf3 dxe4 4. Nxe4 Bf5 5. Ng3 Bg6 6. h4 h6 7. Ne5 Bh7 8. Qh5 g6 9. Qf3 Nf6 10. Qb3 Qd5 11. Qxb7 Qxe5+ 12. Be2 e6 13. Qxa8 Bc5 14. d4 Bxd4 15. c3 Bxc3+ 16. Kf1 0-0 17. Bxh6 Bxb2 18. Rd1 Re8 19. Qxa7 Nh5 20. Nxh5 gxh5 21. Rh3 Bg6 22. Bd3 Bd4 23. Qa4 Qf6 24. Rf3 Bxd3+ 25. Rdxd3 Qxh6 26. Qxd4 f5 27. Rg3+ Kf7 28. Rg5 Qh8 29. a4 c5 30. Qxc5 Re7 31. Qd4 Qxd4 32. Rxd4 Nc6 33. Rd1 Ra7 34. Ra1 Ra5 35. Rxh5 Nd4 36. Rh7+ Kg6 37. Rb7 Kh5 38. g3 e5 39. Kg2 Kg4 40. f3+ Kh5 41. Rg7 Ne6 42. g4+ Kh6 43. Re7 Nf4+ 44. Kg3 Ne2+ 45. Kf2 Nd4 46. g5+ Kg6 47. Rd7 f4 48. Rd6+ Kg7 49. h5 Nf5 50. Rd7+ Kg8 51. Rb1 1-0

[Event "Poznan op 28th"]
[Site "Poznan"]
[Date "2021.08.17"]
[Round "4"]
[White "Krych, Dominik"]
[Black "Lanin, Boris Aleksandrovic"]
[Result "0-1"]
[WhiteElo "1617"]
[BlackElo "1949"]
[PlyCount "110"]
[EventDate "2021.08.15"]
[EventType "swiss"]
[EventRounds "9"]
[EventCountry "POL"]
[SourceTitle "CBM 203 Extra"]
[Source "ChessBase"]
[SourceDate "2021.09.30"]
[SourceVersion "1"]
[SourceVersionDate "2021.09.30"]
[SourceQuality "1"]

1. d4 Nf6 2. c4 c5 3. Nf3 cxd4 4. Nxd4 Nc6 5. g3 e6 6. Bg2 d5 7. 0-0 e5 8. Nxc6 bxc6 9. Nc3 Be6 10. Qa4 Qd7 11. Rd1 Rd8 12. Bg5 Be7 13. Bxf6 Bxf6 14. cxd5 cxd5 15. Qxd7+ Rxd7 16. Bxd5 Ke7 17. e4 Bg4 18. Rd3 Rb8 19. f3 Bh3 20. Rb1 h5 21. b4 Kf8 22. Nd1 Bd8 23. Kf2 Bb6+ 24. Ne3 Rc7 25. Ke2 Rbc8 26. Bb3 Bd4 27. a4 g5 28. Nd5 Rb7 29. Rxd4 exd4 30. Kd3 Bg2 31. Bd1 Rd7 32. Kxd4 f5 33. Rb2 Bh1 34. b5 Re8 35. Rf2 g4 36. Kc5 Rc8+ 37. Kb4 Kg7 38. Ne3 Kh8 39. Rf1 Rd4+ 40. Ka5 Bxf3 41. Bxf3 gxf3 42. Nxf5 Rd3 43. Ka6 Rc4 44. a5 Rxe4 45. Kxa7 Re5 46. Rb1 Rd7+ 47. Ka6 Rxf5 48. b6 Rf6 49. Kb5 f2 50. a6 Rdd6 51. Ka5 Rxb6 52. Rxb6 f1Q 53. Rb8+ Kg7 54. Rb7+ Kg6 55. a7 Qa6+ 0-1

[Event "Poznan op 28th"]
[Site "Poznan"]
[Date "2021.08.16"]
[Round "3"]
[White "Lanin, Boris Aleksandrovic"]
[Black "Chojnacki, Krzysztof"]
[Result "0-1"]
[WhiteElo "1949"]
[BlackElo "2381"]
[PlyCount "80"]
[EventDate "2021.08.15"]
[EventType "swiss"]
[EventRounds "9"]
[EventCountry "POL"]
[SourceTitle "CBM 203 Extra"]
[Source "ChessBase"]
[SourceDate "2021.09.30"]
[SourceVersion "1"]
[SourceVersionDate "2021.09.30"]
[SourceQuality "1"]

1. e4 d6 2. d4 Nf6 3. Nc3 g6 4. Nf3 Bg7 5. h3 0-0 6. Be3 a6 7. a4 b6 8. Bd3 Bb7 9. 0-0 Nbd7 10. Qd2 e6 11. Rfe1 c5 12. Bh6 cxd4 13. Bxg7 Kxg7 14. Nxd4 Qc7 15. Qg5 Rac8 16. Kh1 Qc5 17. Qxc5 Nxc5 18. f3 Rfd8 19. Nde2 e5 20. a5 b5 21. b4 Ne6 22. Nb1 d5 23. Nd2 dxe4 24. fxe4 Nh5 25. Nf3 f6 26. Rad1 Nhf4 27. Nfg1 Nxd3 28. Rxd3 Rxc2 29. Rxd8 Nxd8 30. Rd1 Nf7 31. Rd7 Bxe4 32. Ra7 Rc6 33. Nf3 Bxf3 34. gxf3 f5 35. Kg2 Kf6 36. Kf2 h5 37. Rb7 Nd8 38. Rd7 Ne6 39. Ra7 Nc7 40. Rb7 Nd5 0-1